Online
Catalog

Guía para el Aprendizaje. : (Record no. 44341)

MARC details
000 -CABECERA
campo de control de longitud fija 01894nam a2200385 a 4500
001 - NÚMERO DE CONTROL
campo de control 000044852
003 - IDENTIFICADOR DEL NÚMERO DE CONTROL
campo de control DO-SdBNP
005 - FECHA Y HORA DE LA ÚLTIMA TRANSACCIÓN
campo de control 20230802133329.0
007 - CAMPO FIJO DE DESCRIPCIÓN FÍSICA--INFORMACIÓN GENERAL
campo de control de longitud fija ta
008 - DATOS DE LONGITUD FIJA--INFORMACIÓN GENERAL
campo de control de longitud fija 150114s2013 dr ac 000 0 spa d
040 ## - FUENTE DE LA CATALOGACIÓN
Centro catalogador/agencia de origen DO-SdBNP
Lengua de catalogación spa
Centro/agencia transcriptor BNPHU
Normas de descripción rda
082 ## - NÚMERO DE LA CLASIFICACIÓN DECIMAL DEWEY
Número de edición 22
Número de clasificación xxx
Número de documento/Ítem G943
100 1# - ENTRADA PRINCIPAL--NOMBRE DE PERSONA
Nombre de persona Rosa Tapia, María del Jesús de la
9 (RLIN) 83858
245 10 - MENCIÓN DE TÍTULO
Título Guía para el Aprendizaje. :
Resto del título Quisqueya aprende contigo. Plan nacional de alfabetización /
Mención de responsabilidad, etc. María del Jesús de la Rosa Tapia, Basilia Rodríguez ; revisión Nicolás Guevara, Luz Almánzar, Luis Holguín Veras Martínez, Deolegario Tapia, Ángela Rodríguez y otros ; fotografías George Phipps.
264 ## - PRODUCCIÓN, PUBLICACIÓN, DISTRIBUCIÓN, FABRICACIÓN Y COPYRIGHT
Producción, publicación, distribución, fabricación y copyright Santo Domingo :
Nombre del de productor, editor, distribuidor, fabricante Ministerio de educación,
-- Centenario,
Fecha de producción, publicación, distribución, fabricación o copyright 2013.
300 ## - DESCRIPCIÓN FÍSICA
Extensión 254 páginas
Otras características físicas ilustraciones, retratos
Dimensiones 28 cm.
336 ## - TIPO DE CONTENIDO
Fuente rdacontent
Término de tipo de contenido texto
Código de tipo de contenido txt
337 ## - TIPO DE MEDIO
Fuente rdamedia
Nombre/término del tipo de medio sin mediación
Código del tipo de medio n
338 ## - TIPO DE SOPORTE
Fuente rdacarrier
Nombre/término del tipo de soporte volumen
Código del tipo de soporte nc
500 ## - NOTA GENERAL
Nota general Esto es una guía para el aprendizaje para la alfabetización.
505 2# - NOTA DE CONTENIDO CON FORMATO
Información miscelánea Unidad 1. --
Título Soy persona --
Información miscelánea Unidad 2. --
Título Somos personas organizadas --
Información miscelánea Unidad 3. --
Título Tenemos derecho a la salud --
Información miscelánea Unidad 4. --
Título Trabajamos para vivir mejor --
Información miscelánea Unidad 5. --
Título Cuidamos el medio ambiente --
Información miscelánea Unidad 6. --
Título Tenemos un gran país --
Información miscelánea Anexos /
590 ## - NOTA LOCAL (RLIN)
Nota local Inventariado, 2023/ YL
700 1# - PUNTO DE ACCESO ADICIONAL--NOMBRE DE PERSONA
Nombre de persona Rodríguez, Basilia
Término indicativo de función/relación Autora.
9 (RLIN) 83859
700 1# - PUNTO DE ACCESO ADICIONAL--NOMBRE DE PERSONA
Nombre de persona Guevara, Nicolás
Término indicativo de función/relación Revisión
9 (RLIN) 22224
700 1# - PUNTO DE ACCESO ADICIONAL--NOMBRE DE PERSONA
Nombre de persona Almánzar, Luz
Término indicativo de función/relación Revisión
9 (RLIN) 83860
700 1# - PUNTO DE ACCESO ADICIONAL--NOMBRE DE PERSONA
Nombre de persona Holguín Veras Martínez, Luis
Término indicativo de función/relación Revisión
9 (RLIN) 83861
700 1# - PUNTO DE ACCESO ADICIONAL--NOMBRE DE PERSONA
Nombre de persona Tapia, Deolegario
Término indicativo de función/relación Revisión
9 (RLIN) 83862
700 1# - PUNTO DE ACCESO ADICIONAL--NOMBRE DE PERSONA
Nombre de persona Rodríguez, Ángela
Término indicativo de función/relación Revisión
9 (RLIN) 46708
700 1# - PUNTO DE ACCESO ADICIONAL--NOMBRE DE PERSONA
Nombre de persona Camilo Recio, Miriam
Término indicativo de función/relación Revisión
9 (RLIN) 37246
700 1# - PUNTO DE ACCESO ADICIONAL--NOMBRE DE PERSONA
Nombre de persona Valerio, Magdalena
Término indicativo de función/relación Revisión
9 (RLIN) 83863
700 1# - PUNTO DE ACCESO ADICIONAL--NOMBRE DE PERSONA
Nombre de persona Almonte, Julio
Término indicativo de función/relación Revisión
9 (RLIN) 83864
700 1# - PUNTO DE ACCESO ADICIONAL--NOMBRE DE PERSONA
Nombre de persona Phipps, George
Término indicativo de función/relación fotografías
9 (RLIN) 72867
910 ## - DATOS DE OPCIÓN DEL USUARIO (OCLC)
Datos de opción del usuario YLockward
942 ## - ELEMENTOS DE PUNTO DE ACCESO ADICIONAL (KOHA)
Fuente del sistema de clasificación o colocación Dewey Decimal Classification
Tipo de ítem Koha Libro
Holdings
Estado de retiro Estado de pérdida Fuente del sistema de clasificación o colocación Restricciones de uso No para préstamo Código de colección Localización permanente Ubicación/localización actual Ubicación en estantería Fecha de adquisición Fuente de adquisición Número de inventario Total de préstamos Signatura topográfica completa Código de barras Fecha visto por última vez Precio válido a partir de Tipo de ítem Koha Número de copia
    Dewey Decimal Classification Excluido de préstamo   Patrimonio Dominicano Biblioteca Nacional Pedro Henríquez Ureña Biblioteca Nacional Pedro Henríquez Ureña Depósito 21.08.2014 Deposito Legal LF1   44852-10 25.06.2020 25.06.2020 Libro  
    Dewey Decimal Classification Excluido de préstamo   Patrimonio Dominicano Biblioteca Nacional Pedro Henríquez Ureña Biblioteca Nacional Pedro Henríquez Ureña En catalogación 13.10.2016 Francisco Cáceres LF1   2023-5151 25.06.2020 25.06.2020 Libro e. 2
    Dewey Decimal Classification Préstamo en sala   Dominicana de Servicio Biblioteca Nacional Pedro Henríquez Ureña Biblioteca Nacional Pedro Henríquez Ureña En catalogación 13.10.2016 Francisco Cáceres LF1   2023-5152 02.08.2023 25.06.2020 Libro e. 3

Powered by Koha